Soumission de la vicomté de Carcassonne

Bibliographische Detailangaben
1. Verfasser: Douais, Célestin 1848-1915 (VerfasserIn)
Format: Buch
Sprache:French
Veröffentlicht: Nîmes : Lacour, 2000
Ausgabe:Réimpr. de l'éd. Paris 1884
Mit dem übergeordneten Werk verknüpfte Titel:Collection Rediviva
Schlagworte:Albigenses Carcassonne Albigenser 1209-1211 Kreuzzug Raymond <Toulouse, Graf, VI.> Albigenserkriege
Umfang:70 S
LEADER 01000cam a22002652c 4500
001 098916319
003 DE-627
005 20241104193812.0
007 tu
008 061003s2000 xx ||||| 00| ||fre c
020 |a 2844068324  |9 2-84406-832-4 
035 |a (DE-627)098916319 
035 |a (DE-599)GBV098916319 
035 |a (OCoLC)1240482859 
040 |a DE-627  |b ger  |c DE-627  |e rakwb 
041 |a fre 
050 0 |a DC83.3 
050 0 |a DC83.3 
084 |a 8,2  |2 ssgn 
100 1 |8 1\p  |a Douais, Célestin  |d 1848-1915  |e verfasserin  |0 (DE-588)1035127725  |0 (DE-627)746869614  |0 (DE-576)382776410  |4 aut 
245 1 0 |a Soumission de la vicomté de Carcassonne  |c C. Douais 
246 3 3 |a Soumission de la vicomté de Carcassonne par Simon de Montfort et la croisade contre Raymond VI, comte de Toulouse 
250 |a Réimpr. de l'éd. Paris 1884 
264 1 |a Nîmes  |b Lacour  |c 2000 
300 |a 70 S 
336 |a Text  |b txt  |2 rdacontent 
337 |a ohne Hilfsmittel zu benutzen  |b n  |2 rdamedia 
338 |a Band  |b nc  |2 rdacarrier 
490 0 |a Collection Rediviva 
500 |a Orig.-Ausg. u.d.T.: Douais, Célestin: Soumission de la Vicomté de Carcassonne par Simon de Montfort et la croisade contre Raymond VI, comte de Toulouse 
600 1 4 |a Montfort, Simon de <d. 1218> 
600 1 4 |a Raymond <VI, Count of Toulouse, 1156-1222> 
650 4 |a Albigenses  |x History 
651 4 |a Carcassonne (France)  |x History 
883 |8 1\p  |a cgwrk  |d 20241001  |q DE-101  |u https://d-nb.info/provenance/plan#cgwrk 
912 |a GBV_ILN_350 
912 |a ISIL_DE-2795 
912 |a SYSFLAG_1 
912 |a GBV_KXP 
912 |a GBV_ILN_350_ 
951 |a BO 
980 |2 350  |1 01  |x 8293  |b 098561340  |c 00  |f MAG2  |d Fl 120  |e i  |j --%%--  |y n  |z 16-02-04 
982 |2 350  |1 01  |x 8293  |8 00  |a Carcassonne 
982 |2 350  |1 01  |x 8293  |8 00  |a Albigenser 
982 |2 350  |1 01  |x 8293  |8 00  |a 1209-1211 
982 |2 350  |1 01  |x 8293  |8 00  |a Kreuzzug 
982 |2 350  |1 01  |x 8293  |8 00  |a Raymond <Toulouse, Graf, VI.> 
982 |2 350  |1 01  |x 8293  |8 00  |a Albigenserkriege 
984 |2 350  |1 01  |x 8293  |a 8293000473802 
985 |2 350  |1 01  |x 8293  |a 2004/10128